000 00203 a2200097 4500
001 58504
100 _a
245 _aUS relations with south asia
260 _aIslamabad
_b
_c2002
090 _c35881
_d35881
942 _aNUST-CAE
_c
_c28759
999 _c293577
_d293577